Gümrük Birliği'nin Türk işgücü piyasası üzerindeki muhtemel etkileri (Record no. 5519)

MARC details
000 -BAŞLIK
Sabit Uzunlukta Kontrol Alanı 00708na a2200229 4500
001 - KONTROL NUMARASI
Denetim Alanı 20333
003 - KONTROL NUMARASI IDENTIFIER
Denetim Alanı MIRAKIL
005 - SON İŞLEM TARİHİ VE ZAMANI
Denetim Alanı 20181213155039.0
008 - SABİT-BOY VERİ ELEMANLARI - GENEL BİLGİLER
Sabit Uzunlukta Kontrol Alanı 170118b tu 000 0
040 ## - KATALOGLAMA KAYNAK
Orijinal Kataloglama Ajansı Milas
Kataloglama Dili tur
Metne Dönüştürmek Ajansı TR-AnCHP
041 ## - DİL KODU
Metin / Ses Parça Veya Ayrı Başlığın Dil Kodu tur
082 ## - DEWEY ONLU SINIFLANDIRMA NUMARASI
Sınıflandırma Numarası 382.91
Ürün Numarası G95 1996
090 ## - SINIFLAMA NUMARASI
Sınıflama Numarası 382.91 G95 1996
245 ## - BAŞLIK TABLOSU
Başlık Gümrük Birliği'nin Türk işgücü piyasası üzerindeki muhtemel etkileri
Sorumluluk Tablosu, Vb Ekonomi Forumu
260 ## - YAYIN, DAĞITIM, VB
Yayın, Dağıtım, Vb Yeri İstanbul
Yayıncı, Dağıtıcı, Vs Adı FES
Yayın, Dağıtım, Vb Tarihi 1996
300 ## - FİZİKSEL TANIM
Kapsam 44 s.
Boyutlar 23 sm.
650 ## - KONU KATMA GİRİŞ - TOPİKAL DÖNEM
Topikal Süreli Veya Coğrafi Ad Giriş Elemanı İşgücü piyasası
Genel Alt Bölümü Uluslararası ekonomi
Kronolojik Alt Bölümü Tahminler
650 ## - KONU KATMA GİRİŞ - TOPİKAL DÖNEM
Topikal Süreli Veya Coğrafi Ad Giriş Elemanı Gümrük Birliği
Genel Alt Bölümü İşgücü
Kronolojik Alt Bölümü Ekonomik etkiler
710 ## - KATMA GİRİŞ - KURUMSAL ADI
Giriş Elemanı Olarak Kurumsal Ad Veya Yargı Alanı Adı Friedrich Ebert Vakfı (FES)
710 ## - KATMA GİRİŞ - KURUMSAL ADI
Giriş Elemanı Olarak Kurumsal Ad Veya Yargı Alanı Adı Ekonomi Forumu
942 ## - EKLENDİ GİRİŞ ELEMANLARI (KOHA)
Sınıflandırma Veya Raf Düzeni Kaynak
Koha Öğesi Türü Books
999 ## - SİSTEM KONTROL NUMARALARI (KOHA)
Koha Biblionumber 5519
Koha Biblioitemnumber 5519
Holdings
Kalıcı Konum Mevcut Konum Edinme Tarihi Edinim Kaynak Toplam Check-Out'Lar Tam Çağrı Numarası Barkod Tarih Son Görülme İtibaren Geçerli Fiyatlar Koha Öğesi Türü
CHP Kütüphanesi CHP Kütüphanesi 01/18/2017 Bağış   382.91 G95 1996 012506 01/18/2017 01/18/2017 Books